| 000 | 00597nam a2200169 u 4500 | ||
|---|---|---|---|
| 001 | 000020289 | ||
| 005 | 20200929170341.0 | ||
| 008 | 100813s1995 cl b 000 0 spa d | ||
| 020 | _a9562050815 | ||
| 040 |
_aDO-SdBNP _bspa _cBNPHU |
||
| 082 |
_axxxxxxxx _bxxxxxxxx |
||
| 245 | 0 | 0 |
_aMujeres latinoamericanas en cifras. Tomo comparativo / _ccoordinadores Teresa Valdés E., Enrique Comáriz M. |
| 260 |
_aSantiago de Chile, : _bInstituto de la mujer, _c1995. |
||
| 300 |
_a199 p. : _bmaps. ; _c30 cm. |
||
| 700 | 1 |
_aValdés E., Teresa, _ecoord. _942925 |
|
| 700 | 1 |
_aComáriz M., Enrique, _ecoord. _942926 |
|
| 999 |
_c19793 _d19793 |
||